El gran viraje del socialismo / (Registro nro. 1337)
[ vista simple ]
| 000 -CABECERA | |
|---|---|
| campo de control de longitud fija | 00766nam a2200217 a 4500 |
| 001 - NÚMERO DE CONTROL | |
| campo de control | 000001420 |
| 005 - FECHA Y HORA DE LA ÚLTIMA TRANSACCIÓN | |
| campo de control | 20250714091948.0 |
| 008 - DATOS DE LONGITUD FIJA--INFORMACIÓN GENERAL | |
| campo de control de longitud fija | 770712s1969 ve b 000 0 spa |
| 040 ## - FUENTE DE LA CATALOGACIÓN | |
| Centro catalogador/agencia de origen | DO-SdBNP |
| Lengua de catalogación | spa |
| Centro/agencia transcriptor | BNPHU |
| 082 ## - NÚMERO DE LA CLASIFICACIÓN DECIMAL DEWEY | |
| Número de clasificación | 335 |
| Número de documento/Ítem | G212g |
| 100 1# - ENTRADA PRINCIPAL--NOMBRE DE PERSONA | |
| Nombre de persona | Garaudy, Roger. |
| 9 (RLIN) | 4728 |
| 240 13 - TÍTULO UNIFORME | |
| Título uniforme | Le grand tournant du socialisme. |
| Lenguaje de la obra | Español |
| 245 13 - MENCIÓN DE TÍTULO | |
| Título | El gran viraje del socialismo / |
| Mención de responsabilidad, etc. | Roger Garaudy; traductor, Marciano Sadornil. |
| 260 ## - PUBLICACIÓN, DISTRIBUCIÓN, ETC. | |
| Lugar de publicación, distribución, etc. | Caracas : |
| Nombre del editor, distribuidor, etc. | Tiempo Nuevo, |
| Fecha de publicación, distribución, etc. | 1969. |
| 300 ## - DESCRIPCIÓN FÍSICA | |
| Extensión | 329 p. ; |
| Dimensiones | 18 cm. |
| 490 1# - MENCIÓN DE SERIE | |
| Mención de serie | Libros de Bolsillo de Tiempo Nuevo; |
| Designación de volumen o secuencia | no. 5 |
| 534 ## - NOTA SOBRE LA VERSIÓN ORIGINAL | |
| Encabezamiento principal del original | Título original: |
| Mención de título del original | Le grand tournant du socialisme. |
| 650 #0 - PUNTO DE ACCESO ADICIONAL DE MATERIA--TÉRMINO DE MATERIA | |
| Término de materia o nombre geográfico como elemento de entrada | Socialismo |
| 9 (RLIN) | 287 |
| 700 1# - PUNTO DE ACCESO ADICIONAL--NOMBRE DE PERSONA | |
| Nombre de persona | Sadornil, Marciano ; |
| Término indicativo de función/relación | tr. |
| 9 (RLIN) | 4729 |
| 830 #0 - PUNTO DE ACCESO ADICIONAL DE SERIE-TÍTULO UNIFORME | |
| Título uniforme | Libros de Bolsillo de Tiempo Nuevo ; |
| Designación de volumen o secuencia | no. 5 |
| 9 (RLIN) | 4730 |
| Estado de retiro | Estado de pérdida | Restricciones de uso | No para préstamo | Código de colección | Localización permanente | Ubicación/localización actual | Ubicación en estantería | Fecha de adquisición | Número de inventario | Total de préstamos | Signatura topográfica completa | Código de barras | Fecha visto por última vez | Precio válido a partir de | Tipo de ítem Koha |
|---|---|---|---|---|---|---|---|---|---|---|---|---|---|---|---|
| Préstamo interno | Monografías: Libros y Folletos | General | General | En catalogación | 20.07.2009 | LF1 | 335 G212g | 1420-10 | 25.06.2020 | 25.06.2020 | Préstamo interno | ||||
| Monografías: Libros y Folletos | Patrimonio Dominicano | Patrimonio Dominicano | Orden iniciada | 29.03.2017 | LF1 | 335 G212g | 1420-20 | 25.06.2020 | 25.06.2020 | No se presta |
